| 000 | 00573nam a22002057a 4500 | ||
|---|---|---|---|
| 003 | KOHA_MİRAKIL | ||
| 005 | 20260508074859.0 | ||
| 008 | 260507b tu ||||| |||| 00| 0 tur d | ||
| 020 | _a9786054883844 | ||
| 040 |
_aTR-AnABB _btur _cTR-AnABB |
||
| 041 | _atur | ||
| 082 |
_bAZI 2015 _a818.42 |
||
| 100 | 0 | _aAziz Nesin | |
| 245 | 1 | 0 |
_aEdirne yazıları / _cAziz Nesin |
| 260 |
_aİstanbul : _bNesin Yayınevi, _c2015 |
||
| 300 |
_a95 sayfa ; _c20 cm |
||
| 650 | 0 | 4 | _aTürk edebiyatı, çeşitli eserler |
| 900 | _bCan ÇELIK | ||
| 942 |
_2ddc _cBK |
||
| 999 |
_c10368 _d10368 |
||